000 00623nam a2200205Ia 4500
003 OSt
005 20230518115132.0
008 210423s2012 xx 000 0 und d
020 _a978-1-4129-80531
040 _cAL
041 _aeng
082 _a659.1 TAGA
_223
100 _aTAG (Nancy R).
_9108210
245 _aAD critique: how to deconstruct ads in order to build better advertising.
260 _aNew Delhi
_bSage Publications
_c2012
300 _axiv,198
_bPB
650 _aAdvertising
_9108211
906 _aAD ; ads ; advertising. ; better ; build ; critique: ; deconstruct ; how ; order
942 _2ddc
_cBK
999 _c165080
_d165080